• 首页
  • 本馆介绍
  • 公告通知
  • 最新文献
  • 馆藏检索
  • 电子资源
  • 读者导购
  • 参考咨询
  • 我的图书馆
  • 登录
  • 详细信息显示
  • 放入我的书架
  • 预约/预借图书
  • 作者相关作品
  • 分类相关作品
  • 丛书相关作品
  • 出版社相关作品

书目信息

  • 表格格式
  • 工作单格式
  • 卡片格式
题名:
中国工运史料
    
 
作者: ;中华全国总工会中国工人运动史研究室 编
分册: 总第15期  
出版信息: 北京   工人出版社  1981
页数: 215页
开本: 20cm
丛书名:
单 册:
中图分类: K261.306 , K262
科图分类:
主题词: 工人运动--中国--史料
电子资源:
ISBN:
000 00749nam0 2200241 450
001 1561379409
005 20150129170356.86
010    @dCNY0.90
091    @a3007.426
100    @a19980305d1981 em y0chiy0110 ea
101 0  @achi
102    @aCN@b110000
105    @ay z 000yy
200 1  @a中国工运史料@9zhong guo gong yun shi liao@h总第15期@f中华全国总工会中国工人运动史研究室编
210    @a北京@c工人出版社@d1981
215    @a215页@d20cm
300    @a内部读物
606 0  @a工人运动@y中国@x史料
690    @aK261.306@v5
690    @aK262@v4
711 02 @a中华全国总工会中国工人运动史研究室@9zhong hua quan guo zong gong hui zhong guo gong ren yun dong shi yan jiu shi@4编
801  0 @aCN@bTSSF@c20150129
905    @aZUCC@dK262@eJY12:15
    
    中国工运史料.总第15期/中华全国总工会中国工人运动史研究室编.-北京:工人出版社,1981
    215页;20cm
    内部读物
    
    ISBN :CNY0.90
    
●
相关链接 在E读中查询图书 在五车中查询图书 在当当中查询图书 在豆瓣中查询图书


正题名:中国工运史料     索取号:K262/JY12:15         预约/预借

序号 登录号 条形码 馆藏地/架位号 状态 备注
1 7837131   278371316   学院路分馆/ [索取号:K262/JY12:15] 在馆    
唐山师范学院图书馆 欢迎您!
大连网信软件有限公司© 版权所有